Can you recognise those Black Ops 2 weapons? - Statistics

General Stats
  • This quiz has been taken 100 times
  • The average score is 18 of 39
Answer Stats
Picture Answer % Correct
AN-94
67%
Vector K10
67%
Crossbow
65%
MP7
65%
PDW-57
65%
PeaceKeeper
65%
SCAR-H
65%
Ballista
64%
MSMC
61%
KSG
58%
RPG 7
58%
DSR 50
57%
FAL-OSW
57%
Five-SeveN
57%
HAMR
57%
KAP-40
55%
SMR
55%
MTAR
54%
Executioner
52%
LSAT
52%
Skorpion EVO
48%
Type 25
48%
M8A1
46%
B23R
45%
M27
45%
S12
42%
SVU-AS
42%
TAC-45
42%
SWAT-556
41%
SMAW
35%
XPR-50
32%
MK 48
29%
Balistic Knife
28%
M1216
28%
Chicom CQB
23%
R870 MCS
19%
Assault Shield
14%
QBB LSW
12%
FHJ-18 AA
4%
No matching quizzes found
Score Distribution
Percent of People with Each Score
Percentile by Number Answered
Your Score History
You have not taken this quiz